Abuso de alcohol : (Record no. 94714)

MARC details
000 -CABECERA
campo de control de longitud fija 00635nam a2200205 a 4500
005 - FECHA Y HORA DE LA ÚLTIMA TRANSACCIÓN
campo de control 20221027063409.0
008 - ELEMENTOS DE LONGITUD FIJA--INFORMACIÓN GENERAL
campo de control de longitud fija 030305s2001 mx r 000 0 spa d
020 ## - NÚMERO INTERNACIONAL NORMALIZADO PARA LIBROS
Número Internacional Estándar del Libro 8477388857
035 ## - NÚMERO DE CONTROL DEL SISTEMA
Número de control de sistema UPN01000122527
049 ## - COLECCIÓN
Colección CG
050 #4 - SIGNATURA TOPOGRÁFICA DE LA BIBLIOTECA DEL CONGRESO
Número de clasificación RC565
Número de documento/Ítem E3.2
100 1# - ASIENTO PRINCIPAL--NOMBRE PERSONAL
Nombre de persona Echeburúa, Enrique
245 10 - MENCIÓN DE TÍTULO
Título Abuso de alcohol :
Resto del título guía práctica para el tratamiento /
Mención de responsabilidad, etc. Enrique Echeburúa.
260 ## - PUBLICACIÓN, DISTRIBUCIÓN, ETC.
Lugar de publicación, distribución, etc. Madrid :
Nombre del editor, distribuidor, etc. Síntesis,
Fecha de publicación, distribución, etc. 2001.
300 ## - DESCRIPCIÓN FÍSICA
Extensión 186 p.
440 #0 - MENCIÓN DE SERIE/ASIENTO SECUNDARIO--TÍTULO
Título Psicología clínica ;
Nombre de parte o sección de la obra Guías de intervención ;
Designación de volumen o secuencia 7
650 #7 - ASIENTO SECUNDARIO DE MATERIA - TERMINO TEMATICO
Término de materia o nombre geográfico como elemento de entrada Alcoholismo
Subdivisión general Tratamiento
Fuente del encabezamiento o término
9 (RLIN) 2126
650 #4 - ASIENTO SECUNDARIO DE MATERIA - TERMINO TEMATICO
Término de materia o nombre geográfico como elemento de entrada ALCOHOL -
Subdivisión general EFECTOS FISIOLOGICOS
9 (RLIN) 2109
905 ## - TIPO DE MATERIAL
Tipo de material Libro
Holdings
Estado de retiro Estado de pérdida Fuente del sistema de clasificación o colocación Estado dañado No para préstamo Código de colección Localización permanente Ubicación/localización actual Ubicación en estantería Total de préstamos Clasificación Código de barras Fecha visto por última vez Número de copia Tipo de ítem Koha Fecha de adquisición Fecha del último préstamo
    Library of Congress Classification     Colección General Bib. Gregorio Torres Quintero Bib. Gregorio Torres Quintero Planta baja 18 RC565 E3.2 208690 31/12/2020 1 Libro    
    Library of Congress Classification     Colección General Bib. Gregorio Torres Quintero Bib. Gregorio Torres Quintero Planta baja 16 RC565 E3.2 208691 09/05/2023 1 Libro 17/04/2023 17/04/2023
    Library of Congress Classification     Colección General Bib. Gregorio Torres Quintero Bib. Gregorio Torres Quintero Planta baja 13 RC565 E3.2 202342 11/04/2024 1 Libro 13/03/2024 13/03/2024
    Library of Congress Classification     Colección General Bib. Gregorio Torres Quintero Bib. Gregorio Torres Quintero Planta baja 21 RC565 E3.2 208692 05/06/2025 1 Libro 28/09/2023 28/05/2025